000 00586cam a22001817a 4500
008 180718b1983 xxu||||| |||| 00| 0 eng d
082 _aAPPPA 82-83 NEE
100 _aNeelam, J.K.
245 _aEmotional, social and educational adjustment of children of working-mothers vis-a-vis non-working mothers
_cby J.K. Neelam
260 _aNew Delhi
_bIndian Institute of Public Administration
_c1983
300 _a90+p.
650 _aNon-working mothers
650 _aWorking-mothers
650 _aChildren
650 _aEducational adjustment
650 _aSocial
650 _aEmotional
999 _c501294
_d501294